| 000 | 00650nam a2200205Ia 4500 | ||
|---|---|---|---|
| 003 | GCL | ||
| 008 | 140319s9999 xx 000 0 ara d | ||
| 040 |
_aGCL / _cGCL |
||
| 082 | 0 | 4 |
_a251.12 _bم ا |
| 100 | 1 | _aاسماعيل بن محمد الانصارى | |
| 245 | 1 | 0 |
_aاصول الايمان / _cاسماعيل بن محمد الانصارى |
| 700 | 1 | _aعبدالله بن عبداللطيف ال الشي | |
| 700 | 1 | _aمحمد بن عبدالوهاب | |
| 260 |
_a[S.N] : _bالبصيرة الاسلامية |
||
| 300 | _a46 ص | ||
| 490 | _a | ||
| 650 | 0 | 4 | _aالاسلام |
| 650 | 0 | 4 | _aالفقه الاسلامى |
| 942 |
_2ddc _cBK |
||
| 999 |
_c42075 _d42075 |
||